000 00575nam a2200169 i 4500
001 51412
003 ES-MaACL
005 20230906162345.0
007 t|
008 030812s1954 it ||||1| ita d
100 1 _aD'Alberto, Giovanni.
_942334
245 1 0 _aDiario di una scuola di campagna /
_cGiovanni D'Alberto ;.
260 _aFirenze :
_bCentro Didattico Naz di Studi e Documentazione,
_c[1954] (
_fSocietá d'arte poligrafica)
300 _a101 p. ;
_c23 cm.
710 2 _aCentro Didattico Naz di Studi e Documentazione.
_92727
852 _aES-MaACL
_jC-21935
_bR.50226
999 _c51412
_d51412